[Event "Alushta Caissa 1st"]
[Site "Alushta"]
[Date "2002.09.12"]
[Round "16"]
[White "Kalugin, Sergey V"]
[Black "Konstantinov, Alexandr"]
[Result "1/2-1/2"]
[WhiteElo "2468"]
[BlackElo "2410"]
[PlyCount "29"]
[EventDate "2002.09.01"]
[EventType "tourn"]
[EventRounds "18"]
[EventCountry "UKR"]
[EventCategory "8"]
[SourceTitle "CBM 090 Extra"]
[Source "ChessBase"]
[SourceDate "2002.11.07"]
[SourceVersion "1"]
[SourceVersionDate "2002.11.07"]
[SourceQuality "1"]

1. e4 c5 2. c3 Nf6 3. e5 Nd5 4. d4 cxd4 5. Nf3 d6 6. cxd4 Nc6 7. Bc4 Nb6 8. Bb5 dxe5 9. Nxe5 Bd7 10. Nxc6 Bxc6 11. Bxc6+ bxc6 12. 0-0 e6 13. Qe2 h5 14. Qe4 Qd5 15. Nc3 1/2-1/2

[Event "Alushta Caissa 1st"]
[Site "Alushta"]
[Date "2002.09.11"]
[Round "15"]
[White "Konstantinov, Alexandr"]
[Black "Kayumov, Dimitry"]
[Result "0-1"]
[WhiteElo "2410"]
[BlackElo "2460"]
[PlyCount "40"]
[EventDate "2002.09.01"]
[EventType "tourn"]
[EventRounds "18"]
[EventCountry "UKR"]
[EventCategory "8"]
[SourceTitle "CBM 090 Extra"]
[Source "ChessBase"]
[SourceDate "2002.11.07"]
[SourceVersion "1"]
[SourceVersionDate "2002.11.07"]
[SourceQuality "1"]

1. e4 e5 2. Nf3 Nc6 3. Bb5 a6 4. Ba4 Nf6 5. d4 exd4 6. 0-0 Be7 7. Re1 b5 8. Bb3 d6 9. Bd5 Nxd5 10. exd5 Ne5 11. Nxd4 0-0 12. Nc3 Re8 13. Ne4 Bb7 14. Nf5 Qd7 15. Nxe7+ Rxe7 16. Bg5 Ree8 17. f4 Ng6 18. a4 f5 19. Ng3 Rxe1+ 20. Qxe1 h6 0-1

[Event "Alushta Caissa 1st"]
[Site "Alushta"]
[Date "2002.09.09"]
[Round "11"]
[White "Konstantinov, Alexandr"]
[Black "Stjazhkin, Viacheslav"]
[Result "0-1"]
[WhiteElo "2410"]
[BlackElo "2384"]
[PlyCount "78"]
[EventDate "2002.09.01"]
[EventType "tourn"]
[EventRounds "18"]
[EventCountry "UKR"]
[EventCategory "8"]
[SourceTitle "CBM 090 Extra"]
[Source "ChessBase"]
[SourceDate "2002.11.07"]
[SourceVersion "1"]
[SourceVersionDate "2002.11.07"]
[SourceQuality "1"]

1. c4 e5 2. Nc3 Nc6 3. g3 g6 4. Bg2 Bg7 5. e3 d6 6. Nge2 Be6 7. Nd5 Nce7 8. Nxe7 Nxe7 9. Bxb7 Rb8 10. Bg2 Bxc4 11. d3 Bb5 12. Nc3 Bd7 13. 0-0 0-0 14. Qc2 Qc8 15. Re1 Bh3 16. Nd5 Nxd5 17. Bxd5 Rb5 18. Bb3 Qb7 19. e4 Rb6 20. Rb1 Kh8 21. Be3 c5 22. Bd5 Qd7 23. b4 Rxb4 24. Rxb4 cxb4 25. Rc1 a5 26. f3 f5 27. Qc7 Qxc7 28. Rxc7 fxe4 29. Bxe4 Be6 30. Bc6 Bxa2 31. Rb7 Bb1 32. Be4 Bc2 33. Bd2 d5 34. Bxd5 Bxd3 35. Ra7 e4 36. Rxa5 b3 37. Bxb3 Bd4+ 38. Kg2 exf3+ 39. Kh3 f2 0-1

[Event "Alushta Caissa 1st"]
[Site "Alushta"]
[Date "2002.09.06"]
[Round "8"]
[White "Nikitin, Andrey"]
[Black "Konstantinov, Alexandr"]
[Result "1-0"]
[WhiteElo "2471"]
[BlackElo "2410"]
[PlyCount "67"]
[EventDate "2002.09.01"]
[EventType "tourn"]
[EventRounds "18"]
[EventCountry "UKR"]
[EventCategory "8"]
[SourceTitle "CBM 090 Extra"]
[Source "ChessBase"]
[SourceDate "2002.11.07"]
[SourceVersion "1"]
[SourceVersionDate "2002.11.07"]
[SourceQuality "1"]

1. d4 Nf6 2. c4 e6 3. Nc3 Bb4 4. e3 c5 5. Nge2 b6 6. a3 Ba5 7. Rb1 Na6 8. Qa4 Bb7 9. Bd2 Bxc3 10. Nxc3 0-0 11. b4 cxb4 12. axb4 d6 13. f3 Nb8 14. Bd3 a6 15. 0-0 Nbd7 16. e4 e5 17. d5 Ne8 18. Be3 g6 19. Qa3 f5 20. Na4 fxe4 21. fxe4 Rxf1+ 22. Rxf1 Ng7 23. c5 bxc5 24. bxc5 dxc5 25. Nxc5 Nxc5 26. Bxc5 Qd7 27. Bc4 Kh8 28. Bf8 Nh5 29. Qb2 Re8 30. d6 Bxe4 31. Be7 Rxe7 32. dxe7 Qxe7 33. Qb8+ Kg7 34. Rf7+ 1-0

[Event "Alushta Caissa 1st"]
[Site "Alushta"]
[Date "2002.09.01"]
[Round "1"]
[White "Konstantinov, Alexandr"]
[Black "Shtyrenkov, Veniamen"]
[Result "1/2-1/2"]
[WhiteElo "2410"]
[BlackElo "2457"]
[PlyCount "31"]
[EventDate "2002.09.01"]
[EventType "tourn"]
[EventRounds "18"]
[EventCountry "UKR"]
[EventCategory "8"]
[SourceTitle "CBM 090 Extra"]
[Source "ChessBase"]
[SourceDate "2002.11.07"]
[SourceVersion "1"]
[SourceVersionDate "2002.11.07"]
[SourceQuality "1"]

1. e4 c5 2. Nf3 e6 3. d4 cxd4 4. Nxd4 Nf6 5. Nc3 Nc6 6. Ndb5 Bb4 7. a3 Bxc3+ 8. Nxc3 d5 9. exd5 exd5 10. Bd3 d4 11. Ne2 Bf5 12. 0-0 Bxd3 13. Qxd3 0-0 14. Bg5 Qd6 15. Rad1 Rfd8 16. h3 1/2-1/2